000 00997cam a2200217 4500
001 WB3926-17
008 030708n2003 000 0 eng u
035 _a(Sirsi) u122956
245 _aAppeals against open countryside mapping
260 _c2003
490 _aDEFRA News Release
520 _aGuidance has been published to assist landowners, ramblers and other groups involved in appeals against the inclusion of land on maps of open country and registered common land. The new rights to walk over land given by the Countryside and Rights of Way Act 2000 do not come into force until the land is conclusively mapped. The appeals guidance is available at http://www.defra.gov.uk/wildlife-countryside/cl/accessopen.htm#appeals. http://www.defra.gov.uk/news/2003/030704e.htm
590 _aWB
650 _aCOUNTRYSIDE AND RIGHTS OF WAY ACT 2000
650 _aMAPS
650 _aOPEN COUNTRYSIDE
650 _aCOMMON LAND
650 _aAPPEALS
690 _aRural
_96268
942 _n0
999 _c73008
_d73008